Saif al-Mulūk / (Record no. 331156)

000 -LEADER
fixed length control field 01152cam a22003737i 4500
001 - CONTROL NUMBER
control field 17756516
003 - CONTROL NUMBER IDENTIFIER
control field NUST
005 - DATE AND TIME OF LATEST TRANSACTION
control field 20250219094751.0
008 - FIXED-LENGTH DATA ELEMENTS--GENERAL INFORMATION
fixed length control field 130530s2004 pk 000 0 pan
010 ## - LIBRARY OF CONGRESS CONTROL NUMBER
LC control number 2013344622
015 ## - NATIONAL BIBLIOGRAPHY NUMBER
National bibliography number 9693508513
020 ## - INTERNATIONAL STANDARD BOOK NUMBER
International Standard Book Number 9693508513
025 ## - OVERSEAS ACQUISITION NUMBER
Overseas acquisition number P-Pan-2013344622
037 ## - SOURCE OF ACQUISITION
Source of stock number/acquisition Library of Congress -- Islamabad Overseas Office
040 ## - CATALOGING SOURCE
Original cataloging agency DLC
Language of cataloging eng
Transcribing agency DLC
Description conventions rda
042 ## - AUTHENTICATION CODE
Authentication code lcode
082 ## - DEWEY DECIMAL CLASSIFICATION NUMBER
Classification number 891.421
Author Mark BAK
100 0# - MAIN ENTRY--PERSONAL NAME
Personal name Muḥammad Bak̲h̲sh,
Dates associated with a name 1830-1907.
9 (RLIN) 4682
245 10 - TITLE STATEMENT
Title Saif al-Mulūk /
Statement of responsibility, etc. Miyān̲ Muḥammad Bak̲h̲sh.
264 #1 - PRODUCTION, PUBLICATION, DISTRIBUTION, MANUFACTURE, AND COPYRIGHT NOTICE
Place of production, publication, distribution, manufacture Lāhore,
Name of producer, publisher, distributor, manufacturer Al-Faisal,
Date of production, publication, distribution, manufacture, or copyright notice 2022.
300 ## - PHYSICAL DESCRIPTION
Extent 552 pages ;
Dimensions 25 cm
336 ## - CONTENT TYPE
Content type term text
Source rdacontent
337 ## - MEDIA TYPE
Media type term unmediated
Source rdamedia
338 ## - CARRIER TYPE
Carrier type term volume
Source rdacarrier
500 ## - GENERAL NOTE
General note Poems.
546 ## - LANGUAGE NOTE
Language note In Panjabi.
650 ## - SUBJECT ADDED ENTRY--TOPICAL TERM
Topical term or geographic name entry element Language & Literature
9 (RLIN) 4683
880 ## - ALTERNATE GRAPHIC REPRESENTATION
Linkage 100-01\(3\r
Title میاں محمد بخش
880 ## - ALTERNATE GRAPHIC REPRESENTATION
Linkage 245-02\(3\r
Title سیف الملوک
c میاں محمد بخش
880 ## - ALTERNATE GRAPHIC REPRESENTATION
Linkage 260-03\(3\r
Title لاہور:
b الفیصل،
c 2009
906 ## - LOCAL DATA ELEMENT F, LDF (RLIN)
a 0
b cbc
c origode
d 4
e ncip
f 20
g y-nonroman
942 ## - ADDED ENTRY ELEMENTS (KOHA)
Source of classification or shelving scheme
Koha item type Book
Holdings
Withdrawn status Lost status Source of classification or shelving scheme Damaged status Not for loan Collection code Permanent Location Current Location Shelving location Date acquired Total Checkouts Total Renewals Full call number Barcode Checked out Date last seen Date last checked out Copy number Price effective from Koha item type
            Central Library (CL) Central Library (CL) Fiction 09/20/2017 6 5 891.421 BAK CL2798 10/08/2025 09/08/2025 09/08/2025 1 09/20/2017 Book
© 2023 Central Library, National University of Sciences and Technology. All Rights Reserved.